Biotechnology : An introduction
Đã lưu trong:
| 主要作者: | |
|---|---|
| 格式: | 圖書 |
| 語言: | Undetermined |
| 出版: |
Belmont, CA.
Thomson Brooks/Cole
2005
|
| 主題: | |
| 標簽: |
添加標簽
沒有標簽, 成為第一個標記此記錄!
|
| Thư viện lưu trữ: | Trung tâm Học liệu Trường Đại học Cần Thơ |
|---|
| LEADER | 00518nam a2200205Ia 4500 | ||
|---|---|---|---|
| 001 | CTU_104400 | ||
| 008 | 210402s9999 xx 000 0 und d | ||
| 020 | |c 1545000 | ||
| 082 | |a 660.6 | ||
| 082 | |b B263 | ||
| 100 | |a Barnum, Susan R. | ||
| 245 | 0 | |a Biotechnology : | |
| 245 | 3 | |b An introduction | |
| 245 | 0 | |c Susan R. Barnum | |
| 260 | |a Belmont, CA. | ||
| 260 | |b Thomson Brooks/Cole | ||
| 260 | |c 2005 | ||
| 650 | |a Biotechnology | ||
| 904 | |i Minh | ||
| 980 | |a Trung tâm Học liệu Trường Đại học Cần Thơ | ||